000 01093nam a22003977a 4500
005 20251209140325.0
008 150305b xxu||||| |||| 00| 0 spa d
020 _a9789586485029
041 _aESP
082 _a658.562 R621s3
100 _aRiveros Silva, Pablo Emilio
_914721
245 _aSistema de gestión de la calidad del servicio
250 _a3 edición
260 _aColombia
260 _bEcoe
260 _c2007
300 _a340 páginas
490 _aDirección y Administración de Empresas
650 _aCONTROL DE CALIDAD
650 _aDIMENSIONES DE LA CALIDAD TOTAL
650 _aPROCESOS
650 _aSISTEMA DE GESTIÓN DE LA CALIDAD DEL SERVICIO
650 _aTALENTO HUMANO
650 _aLIDERAZGO GERENCIAL
650 _aINVESTIGACION DE MERCADOS
650 _aMISION
650 _aVISION
650 _aVALORES
650 _aPROCEDIMIENTOS
650 _aMOTIVACIÓN
650 _aMERCADEO
650 _aPRESTACIÓN DEL SERVICIO
650 _aEVALUACIÓN DEL SERVICIO
650 _aMEJORAMIENTO DEL SERVICIO
942 _cBK
_2ddc
999 _c3695
_d3695